Countries closest to Brazil A-Z - Statistics

General Stats
  • This quiz has been taken 46 times
  • The average score is 19 of 24
Answer Stats
Letter Country % Correct
A Argentina
100%
C Colombia
95%
P Paraguay / Peru
95%
B Bolivia
93%
E Ecuador
90%
F France
88%
U Uruguay
88%
V Venezuela
88%
G Guyana
85%
S Suriname
85%
D Dominica
83%
H Haiti
83%
J Jamaica
83%
O Oman
83%
T Trinidad and Tobago
83%
Z Zambia
83%
Q Qatar
80%
Y Yemen
80%
M Mexico
78%
N Nicaragua
78%
K Kenya / Kosovo
73%
L Liberia
54%
I Ivory Coast
49%
R Republic of the Congo
39%
No matching quizzes found
Score Distribution
Percent of People with Each Score
Percentile by Number Answered
Your Score History
You have not taken this quiz